| 000 | 00345nam a22001457a 4500 | ||
|---|---|---|---|
| 003 | OSt | ||
| 005 | 20160727222405.0 | ||
| 008 | 160623b xxu||||| |||| 00| 0 eng d | ||
| 040 | _cTest | ||
| 100 |
_9800 _aLambert, S.A |
||
| 245 | _aThe Three Little Pigs | ||
| 260 |
_aLon _b Ladybird _cMCMXVIII |
||
| 300 | _aThe Three Little Pigs | ||
| 942 |
_2ddc _cBK |
||
| 999 |
_c642 _d642 |
||